00792nam a2200217 i 4500001000300000100001400003245011200017250001200129260002700141300002900168504004200197521009600239650001600335655003000351700002500381040000800406041000700414080001400421008004100435856009800476bg1 aMOJ, Eryk00aPodstawy budownictwa.nCz. 1 /cEryk Moj, Marek Śliwiński ; Politechnika Krakowska im. T. Kościuszki. aWyd. 3. aKraków :bPK,c1995. a232 s. :brys. ;c24 cm. aBibliogr. s. 59-61, 110-111, 231-232. aSkrypt dla studentów wyższych szkół technicznych do przedmiotu Budownictwo ogólne. 9aBudownictwo aPodręczniki akademickie1 aŚLIWIŃSKI, Marek cBPK0 apl a69(075.8) s pl f |000 0 pol  uhttp://koha.tu.koszalin.pl/cgi-bin/koha/opac-detail.pl?biblionumber=24377yKatalog online BPK